[Event "GER-chT Schools WK II"]
[Site "Verden an der Aller"]
[Date "2011.05.14"]
[Round "2.2"]
[White "Biesel, Mario"]
[Black "Linnemann, Niklas"]
[Result "1-0"]
[WhiteElo "1721"]
[BlackElo "1847"]
[PlyCount "57"]
[EventDate "2011.05.14"]
[EventType "team-swiss"]
[EventRounds "7"]
[EventCountry "GER"]
[SourceTitle "EXT 2022"]
[Source "ChessBase"]
[SourceDate "2021.10.06"]
[SourceVersion "1"]
[SourceVersionDate "2021.10.06"]
[SourceQuality "1"]
[WhiteTeam "Illingen Illtal Gymn U17"]
[BlackTeam "Dresden St Benno Gymn U17"]
[WhiteTeamCountry "GER"]
[BlackTeamCountry "GER"]

1. c4 Nf6 2. Nf3 g6 3. g3 Bg7 4. Bg2 d5 5. cxd5 Nxd5 6. Nc3 Nxc3 7. bxc3 0-0 8. 0-0 c5 9. Rb1 Nc6 10. Qa4 Qc7 11. d4 Bd7 12. Qc4 Na5 13. Qxc5 Qxc5 14. dxc5 Bxc3 15. Bd2 Bxd2 16. Nxd2 Rab8 17. Nb3 Nc6 18. Rfd1 Bf5 19. Rbc1 Nb4 20. Nd4 Bd7 21. a3 Na2 22. Rc4 e5 23. Nb3 Bb5 24. Rc2 Ba4 25. Rb1 b6 26. Rxa2 bxc5 27. Nd2 c4 28. Rc1 Rfc8 29. Rc3 1-0

[Event "Saarland-ch C"]
[Site "Schiffweiler"]
[Date "2009.04.09"]
[Round "7"]
[White "Balzer, Roman"]
[Black "Biesel, Mario"]
[Result "0-1"]
[WhiteElo "1307"]
[BlackElo "1449"]
[PlyCount "74"]
[EventDate "2009.04.03"]
[EventType "swiss"]
[EventRounds "9"]
[EventCountry "GER"]
[SourceTitle "EXT 2012"]
[Source "ChessBase"]
[SourceDate "2011.11.24"]
[SourceVersion "1"]
[SourceVersionDate "2011.11.24"]
[SourceQuality "1"]

1. d4 d5 2. e4 dxe4 3. Nc3 Nf6 4. f3 exf3 5. Qxf3 Qxd4 6. Be3 Qg4 7. Qf2 Qf5 8. 0-0-0 Qxf2 9. Bxf2 c6 10. Nf3 g6 11. h4 Bh6+ 12. Kb1 0-0 13. Be2 Bg4 14. Ne5 Bxe2 15. Nxe2 Ne4 16. Bd4 c5 17. Ng4 Bg7 18. Bxg7 Kxg7 19. h5 f5 20. h6+ Kg8 21. Ne5 Nf2 22. Nf4 Nxd1 23. Rxd1 Na6 24. Ne6 Rf6 25. Nf4 Rd6 26. Nd5 Rad8 27. c4 Nb4 28. Kc1 Nxd5 29. cxd5 Rxd5 30. Rxd5 Rxd5 31. Nf3 e5 32. Nd2 b5 33. Kd1 Kf7 34. Ke2 c4 35. g3 e4 36. Ke3 Rd3+ 37. Ke2 Rxg3 0-1